[Event "Aragon-chT Preferente A"]
[Site "Aragon"]
[Date "2015.02.14"]
[Round "4.42"]
[White "Felez Casedas, Carlos"]
[Black "Sanz Lopez, Ruben"]
[Result "1-0"]
[WhiteElo "2013"]
[BlackElo "1936"]
[PlyCount "61"]
[EventDate "2015.01.24"]
[EventType "team-tourn"]
[EventRounds "11"]
[EventCountry "ESP"]
[SourceTitle "EXT 2017"]
[Source "ChessBase"]
[SourceDate "2016.10.25"]
[SourceVersion "1"]
[SourceVersionDate "2016.10.25"]
[SourceQuality "1"]
[WhiteTeam "La Aurora Estadilla II"]
[BlackTeam "Aragon ONCE II"]
[WhiteTeamCountry "ESP"]
[BlackTeamCountry "ESP"]

1. Nf3 c5 2. g3 Nc6 3. d3 g6 4. Bg2 Bg7 5. 0-0 d6 6. e4 Bd7 7. c3 e6 8. Bf4 Qc7 9. Na3 a6 10. d4 cxd4 11. cxd4 e5 12. dxe5 dxe5 13. Be3 b5 14. Bc5 Nge7 15. Rc1 Qd8 16. Qd2 0-0 17. Rfd1 Be6 18. Qe3 Qe8 19. Nc2 Rd8 20. Nb4 Rxd1+ 21. Rxd1 Nxb4 22. Bxb4 Bf6 23. Qa3 Bc8 24. Rd6 Kg7 25. Qc3 Rg8 26. Rxf6 Nd5 27. exd5 Kxf6 28. Bd6 Kg7 29. Bxe5+ f6 30. Bxf6+ Kf8 31. Ng5 1-0

[Event "Aragon-chT Preferente A"]
[Site "Aragon"]
[Date "2015.01.31"]
[Round "2.45"]
[White "Sanz Lopez, Ruben"]
[Black "Maza Broto, Pablo"]
[Result "0-1"]
[WhiteElo "1936"]
[BlackElo "2076"]
[PlyCount "90"]
[EventDate "2015.01.24"]
[EventType "team-tourn"]
[EventRounds "11"]
[EventCountry "ESP"]
[SourceTitle "EXT 2017"]
[Source "ChessBase"]
[SourceDate "2016.10.25"]
[SourceVersion "1"]
[SourceVersionDate "2016.10.25"]
[SourceQuality "1"]
[WhiteTeam "Aragon ONCE II"]
[BlackTeam "Jaime Casas II"]
[WhiteTeamCountry "ESP"]
[BlackTeamCountry "ESP"]

1. d4 d6 2. Nf3 Nf6 3. c4 Nbd7 4. Bf4 g6 5. Nc3 Bg7 6. e3 Nh5 7. Bg5 h6 8. Bh4 g5 9. Bg3 c5 10. Be2 Nxg3 11. hxg3 cxd4 12. Nxd4 Ne5 13. Qc2 Nc6 14. Nf3 Qa5 15. 0-0 Bf5 16. Qd2 0-0 17. a3 Bxc3 18. bxc3 Rac8 19. Qb2 Rc7 20. Nd4 Bg6 21. Nb5 Rcc8 22. Rac1 a6 23. Nd4 Qc7 24. Bg4 Rb8 25. Nxc6 bxc6 26. Qa2 Qa5 27. Rfd1 Rb6 28. Rd2 Rfb8 29. Bd1 Rb1 30. Rxb1 Rxb1 31. Kh2 Qxc3 32. Bf3 c5 33. e4 Ra1 34. Qc2 Qxc2 35. Rxc2 Rxa3 36. g4 Kg7 37. Rd2 Kf6 38. Rd5 Ke6 39. e5 Rd3 40. exd6 exd6 41. Rxd3 Bxd3 42. Bd5+ Kd7 43. Kg3 a5 44. Kf3 a4 45. Ke3 a3 0-1

[Event "Aragon-chT Preferente B"]
[Site "Aragon"]
[Date "2014.03.08"]
[Round "7.62"]
[White "Sanz Lopez, Ruben"]
[Black "Sebastian Bespin, Ruben"]
[Result "0-1"]
[WhiteElo "1955"]
[BlackElo "2153"]
[PlyCount "94"]
[EventDate "2014.01.25"]
[EventType "team-tourn"]
[EventRounds "9"]
[EventCountry "ESP"]
[SourceTitle "EXT 2015"]
[Source "ChessBase"]
[SourceDate "2014.11.20"]
[SourceVersion "1"]
[SourceVersionDate "2014.11.20"]
[SourceQuality "1"]
[WhiteTeam "Aragon ONCE II"]
[BlackTeam "Marcos Frechin"]
[WhiteTeamCountry "ESP"]
[BlackTeamCountry "ESP"]

1. d4 e6 2. Nf3 d5 3. e3 Nf6 4. Bd3 Be7 5. 0-0 b6 6. Nbd2 Bb7 7. b3 Nbd7 8. Bb2 0-0 9. Ne5 Nxe5 10. dxe5 Nd7 11. c4 dxc4 12. Bxc4 c5 13. f4 Qc7 14. Qe2 a6 15. a4 Qc6 16. Rf3 f5 17. Rh3 g6 18. Nf3 Kg7 19. Rg3 Rg8 20. Rd1 h6 21. Bxe6 Qxe6 22. Rxd7 Bc6 23. Rd6 Bxd6 24. exd6+ Kh7 25. h4 Bxf3 26. Qxf3 Qe4 27. Qd1 Rad8 28. Be5 Rd7 29. Qe2 a5 30. Qb5 Qb7 31. Qc4 Rf7 32. Qe6 Qd7 33. Qd5 Re8 34. h5 gxh5 35. Qf3 Rg8 36. Rxg8 Kxg8 37. Qxh5 Kh7 38. Qf3 Qb7 39. Qh5 Qd7 40. Qe2 Rf8 41. e4 Rg8 42. exf5 Qxf5 43. Qf3 h5 44. Qb7+ Kh6 45. Qxb6 Qe4 46. d7+ Kh7 47. Bg7 Rxg7 0-1

[Event "Aragon-chT Preferente B"]
[Site "Aragon"]
[Date "2014.03.01"]
[Round "6.65"]
[White "Sanz Lopez, Ruben"]
[Black "Bogomilov Georgiev, Georgi"]
[Result "1/2-1/2"]
[WhiteElo "1955"]
[BlackElo "1931"]
[PlyCount "75"]
[EventDate "2014.01.25"]
[EventType "team-tourn"]
[EventRounds "9"]
[EventCountry "ESP"]
[SourceTitle "EXT 2015"]
[Source "ChessBase"]
[SourceDate "2014.11.20"]
[SourceVersion "1"]
[SourceVersionDate "2014.11.20"]
[SourceQuality "1"]
[WhiteTeam "Aragon ONCE II"]
[BlackTeam "Tauste II"]
[WhiteTeamCountry "ESP"]
[BlackTeamCountry "ESP"]

1. d4 d5 2. Nf3 Nf6 3. e3 g6 4. Nbd2 Bg7 5. b3 0-0 6. Bd3 Nc6 7. a3 e5 8. Nxe5 Nxe5 9. dxe5 Ng4 10. Nf3 Nxe5 11. Nxe5 Bxe5 12. Rb1 Qg5 13. g3 Bh3 14. Bf1 Bxf1 15. Kxf1 Rad8 16. Kg2 Bc3 17. h4 Qe5 18. h5 Qe4+ 19. f3 Qe5 20. Rh4 g5 21. Rh1 Rfe8 22. Qd3 d4 23. e4 h6 24. g4 a6 25. Rd1 Ba5 26. Bd2 Bb6 27. Be1 Qb5 28. a4 Qd7 29. a5 Ba7 30. Bg3 Re6 31. b4 Qa4 32. Qb3 Qxb3 33. Rxb3 Rc6 34. Rd2 Rc4 35. b5 Bc5 36. bxa6 bxa6 37. c3 d3 38. Bxc7 1/2-1/2

[Event "Aragon-chT Preferente B"]
[Site "Aragon"]
[Date "2013.01.26"]
[Round "1.57"]
[White "Sanz Lopez, Ruben"]
[Black "Cantin Zaborras, Valentin"]
[Result "0-1"]
[WhiteElo "1932"]
[BlackElo "2123"]
[PlyCount "64"]
[EventDate "2013.01.26"]
[EventType "team"]
[EventRounds "9"]
[EventCountry "ESP"]
[SourceTitle "EXT 2014"]
[Source "ChessBase"]
[SourceDate "2013.11.20"]
[SourceVersion "1"]
[SourceVersionDate "2013.11.20"]
[SourceQuality "1"]
[WhiteTeam "Aragon ONCE II"]
[BlackTeam "Ramiro II"]
[WhiteTeamCountry "ESP"]
[BlackTeamCountry "ESP"]

1. d4 Nf6 2. Nf3 g6 3. c4 Bg7 4. Nc3 d5 5. e3 0-0 6. Be2 c6 7. 0-0 Bg4 8. cxd5 cxd5 9. Qb3 b6 10. h3 Bc8 11. Ne5 Bb7 12. Bd2 Nc6 13. Nxc6 Bxc6 14. Rac1 Qd7 15. Bb5 Rfc8 16. Ba6 Bb7 17. Bb5 Qf5 18. Be2 h5 19. a4 Rab8 20. Rfd1 g5 21. Qa3 Bf8 22. Qa2 e5 23. dxe5 Qxe5 24. Nb5 Ne4 25. Rxc8 Rxc8 26. Bc3 Nxc3 27. Nxc3 Bd6 28. g3 h4 29. Nxd5 hxg3 30. f4 gxf4 31. e4 Rc2 32. Bh5 Bc5+ 0-1

[Event "Aragon-chT Preferente Descenso"]
[Site "Aragon"]
[Date "2012.04.14"]
[Round "10.47"]
[White "Sanz Lopez, Ruben"]
[Black "Buil Montanes, Carlos"]
[Result "1-0"]
[WhiteElo "1945"]
[BlackElo "1924"]
[PlyCount "61"]
[EventDate "2012.02.04"]
[EventType "team-tourn"]
[EventRounds "10"]
[EventCountry "ESP"]
[SourceTitle "EXT 2014"]
[Source "ChessBase"]
[SourceDate "2013.11.20"]
[SourceVersion "1"]
[SourceVersionDate "2013.11.20"]
[SourceQuality "1"]
[WhiteTeam "Aragon ONCE II"]
[BlackTeam "Caissa II"]
[WhiteTeamCountry "ESP"]
[BlackTeamCountry "ESP"]

1. d4 d5 2. Nf3 Nf6 3. e3 Bg4 4. h3 Bh5 5. g4 Bg6 6. Ne5 Nfd7 7. Nxg6 hxg6 8. c4 c6 9. Nc3 e6 10. Qf3 Be7 11. Bd3 dxc4 12. Bxc4 Nf6 13. Bd2 Nbd7 14. 0-0-0 Rc8 15. Kb1 b5 16. Bb3 a5 17. a3 Nb6 18. e4 Nc4 19. Bf4 0-0 20. h4 Nh7 21. g5 Bd6 22. Bc1 f6 23. Qh3 Qe8 24. Rde1 e5 25. d5 Kh8 26. Rd1 b4 27. Bxc4 bxc3 28. Qd3 cxd5 29. Qxd5 Qa4 30. b3 Rb8 31. Ka2 1-0

[Event "Aragon-chT Honor GrA "]
[Site "Aragon"]
[Date "2012.02.11"]
[Round "2.8"]
[White "Delgado Salcedo, Eduardo"]
[Black "Sanz Lopez, Ruben"]
[Result "1-0"]
[WhiteElo "2174"]
[BlackElo "1945"]
[PlyCount "96"]
[EventDate "2012.02.04"]
[EventType "team-tourn"]
[EventRounds "7"]
[EventCountry "ESP"]
[SourceTitle "EXT 2014"]
[Source "ChessBase"]
[SourceDate "2013.11.20"]
[SourceVersion "1"]
[SourceVersionDate "2013.11.20"]
[SourceQuality "1"]
[WhiteTeam "Agrupacion"]
[BlackTeam "Aragon ONCE"]
[WhiteTeamCountry "ESP"]
[BlackTeamCountry "ESP"]

1. c4 Nf6 2. Nc3 e6 3. e4 d6 4. d4 Be7 5. f4 c5 6. d5 exd5 7. cxd5 0-0 8. Nf3 Re8 9. Bd3 a6 10. a4 Bg4 11. 0-0 Nbd7 12. Qc2 Bxf3 13. Rxf3 Qc7 14. Bc4 Bf8 15. b3 g6 16. Bb2 Bg7 17. Raf1 Ng4 18. Nd1 Bxb2 19. Nxb2 Re7 20. Bd3 Rae8 21. h3 Ngf6 22. Nc4 Nxe4 23. f5 b5 24. axb5 axb5 25. fxg6 hxg6 26. Bxe4 Rxe4 27. Nd2 R4e7 28. Rxf7 Ne5 29. R7f6 Kg7 30. Ne4 Rd8 31. Ng5 Rde8 32. Ne6+ Rxe6 33. dxe6 c4 34. Rf7+ Nxf7 35. Rxf7+ Qxf7 36. exf7 Kxf7 37. bxc4 bxc4 38. Qxc4+ Re6 39. h4 Kf6 40. Qd4+ Kf7 41. Kh2 Rf6 42. Kg3 Ke6 43. Qe4+ Kf7 44. Qd5+ Re6 45. Kf4 Ke7 46. Qb7+ Kf6 47. Qd7 Re4+ 48. Kxe4 d5+ 1-0

[Event "Aragon-chT Preferente B"]
[Site "Aragon"]
[Date "2012.02.04"]
[Round "1.67"]
[White "Larrosa Poves, Jose Manuel"]
[Black "Sanz Lopez, Ruben"]
[Result "1-0"]
[WhiteElo "1950"]
[BlackElo "1945"]
[PlyCount "45"]
[EventDate "2012.02.04"]
[EventType "team"]
[EventRounds "9"]
[EventCountry "ESP"]
[SourceTitle "EXT 2014"]
[Source "ChessBase"]
[SourceDate "2013.11.20"]
[SourceVersion "1"]
[SourceVersionDate "2013.11.20"]
[SourceQuality "1"]
[WhiteTeam "Agrupacion II"]
[BlackTeam "Aragon ONCE II"]
[WhiteTeamCountry "ESP"]
[BlackTeamCountry "ESP"]

1. d4 Nf6 2. c4 c5 3. Nf3 e6 4. g3 g6 5. Bg2 Bg7 6. 0-0 0-0 7. Nc3 d6 8. dxc5 dxc5 9. Qxd8 Rxd8 10. Be3 Na6 11. Rad1 Rxd1 12. Rxd1 Nd7 13. Ne1 Bxc3 14. bxc3 Rb8 15. a4 Kf8 16. Nd3 Ke7 17. Bf4 Ra8 18. Ne5 Nab8 19. Nxd7 Nxd7 20. Bd6+ Ke8 21. a5 f6 22. a6 Ne5 23. Bxe5 1-0

[Event "Aragon-chT Honor Descenso"]
[Site "Spain"]
[Date "2011.04.02"]
[Round "9.4"]
[White "Velamazan Gomez, Angel"]
[Black "Sanz Lopez, Ruben"]
[Result "0-1"]
[WhiteElo "1966"]
[BlackElo "1935"]
[PlyCount "84"]
[EventDate "2011.03.26"]
[EventType "team-tourn"]
[EventRounds "11"]
[EventCountry "ESP"]
[SourceTitle "EXT 2013"]
[Source "ChessBase"]
[SourceDate "2012.11.22"]
[SourceVersion "1"]
[SourceVersionDate "2012.11.22"]
[SourceQuality "1"]
[WhiteTeam "Aragon"]
[BlackTeam "Aragon ONCE"]
[WhiteTeamCountry "ESP"]
[BlackTeamCountry "ESP"]

1. d4 Nf6 2. Nf3 c5 3. e3 g6 4. Be2 Bg7 5. 0-0 b6 6. c3 Bb7 7. Qb3 Qc8 8. Ne5 0-0 9. Nd2 d6 10. Nef3 Nbd7 11. Re1 Kh8 12. Bd3 d5 13. c4 e6 14. Nf1 Ne4 15. Ng3 f5 16. Bd2 Bf6 17. Rac1 Qe8 18. Qd1 h5 19. cxd5 exd5 20. Bb5 Nxd2 21. Qxd2 h4 22. Ne2 h3 23. Nf4 g5 24. Bxd7 Qxd7 25. Ng6+ Kg7 26. Nxf8 Rxf8 27. g3 Qe7 28. Qd3 g4 29. Ne5 Bxe5 30. dxe5 Qxe5 31. b4 Rc8 32. bxc5 bxc5 33. Rb1 Rc7 34. Rec1 d4 35. Rxb7 Rxb7 36. exd4 cxd4 37. Rd1 Qd5 38. Kf1 Qg2+ 39. Ke2 Re7+ 40. Kd2 Qxf2+ 41. Kc1 Rc7+ 42. Kb1 Rb7+ 0-1

[Event "Aragon-chT Honor II"]
[Site "Spain"]
[Date "2011.02.19"]
[Round "3.32"]
[White "Moreno Gracia, Daniel"]
[Black "Sanz Lopez, Ruben"]
[Result "1-0"]
[WhiteElo "2277"]
[BlackElo "1935"]
[PlyCount "45"]
[EventDate "2011.02.05"]
[EventType "team-tourn"]
[EventRounds "7"]
[EventCountry "ESP"]
[SourceTitle "EXT 2013"]
[Source "ChessBase"]
[SourceDate "2012.11.22"]
[SourceVersion "1"]
[SourceVersionDate "2012.11.22"]
[SourceQuality "1"]
[WhiteTeam "St Casablanca"]
[BlackTeam "Aragon ONCE"]
[WhiteTeamCountry "ESP"]
[BlackTeamCountry "ESP"]

1. c4 e6 2. Nc3 f5 3. g3 Nf6 4. Bg2 d5 5. d4 c6 6. Nf3 Bd6 7. 0-0 0-0 8. Qc2 Qe8 9. Rb1 Qh5 10. b4 a6 11. a4 Nbd7 12. b5 axb5 13. axb5 Ne4 14. Bf4 Ndf6 15. bxc6 bxc6 16. Bxd6 Nxd6 17. Ne5 Ng4 18. Nxg4 Qxg4 19. cxd5 cxd5 20. Nxd5 Ra5 21. Ne7+ Kh8 22. Qc7 Ra6 23. Rb8 1-0

[Event "Aragon-chT Preferente"]
[Site "Spain"]
[Date "2010.03.20"]
[Round "9.24"]
[White "Sanz Lopez, Ruben"]
[Black "Martin Barbero, Roberto"]
[Result "1-0"]
[WhiteElo "1897"]
[BlackElo "2002"]
[PlyCount "85"]
[EventDate "2010.01.23"]
[EventType "team-swiss"]
[EventRounds "12"]
[EventCountry "ESP"]
[SourceTitle "EXT 2013"]
[Source "ChessBase"]
[SourceDate "2012.11.22"]
[SourceVersion "1"]
[SourceVersionDate "2012.11.22"]
[SourceQuality "1"]
[WhiteTeam "Aragon ONCE"]
[BlackTeam "Ramiro"]
[WhiteTeamCountry "ESP"]
[BlackTeamCountry "ESP"]

1. d4 Nf6 2. Bg5 d6 3. Bxf6 exf6 4. e3 g6 5. c4 Bg7 6. Nc3 0-0 7. g3 Nd7 8. Bg2 f5 9. Nge2 Nf6 10. 0-0 Rb8 11. b4 a6 12. a4 Be6 13. Qd3 d5 14. Nf4 c6 15. b5 a5 16. bxc6 bxc6 17. cxd5 Bxd5 18. Rab1 Bxg2 19. Kxg2 Rb4 20. Qa6 Qa8 21. Qxa8 Rxa8 22. Nd3 Rbb8 23. Rb2 Rxb2 24. Nxb2 Nd5 25. Nxd5 cxd5 26. Nd3 Bf8 27. Rb1 Rc8 28. Rb5 Rc3 29. Nf4 Rc2 30. Nxd5 h5 31. h4 Bh6 32. Rxa5 Kg7 33. Ra7 g5 34. hxg5 Bxg5 35. Nf4 h4 36. Ne6+ Kf6 37. Nxg5 Kxg5 38. gxh4+ Kxh4 39. Rxf7 Kg5 40. a5 Ra2 41. Ra7 f4 42. Kf3 Ra3 43. a6 1-0

[Event "Aragon-chT"]
[Site "Aragon"]
[Date "2009.03.21"]
[Round "8"]
[White "Sierra Aguerri, Joaquin"]
[Black "Sanz Lopez, Ruben"]
[Result "0-1"]
[WhiteElo "1990"]
[BlackElo "1891"]
[PlyCount "90"]
[EventDate "2009.01.24"]
[EventType "team-swiss"]
[EventRounds "9"]
[EventCountry "ESP"]
[SourceTitle "EXT 2011"]
[Source "ChessBase"]
[SourceDate "2010.11.26"]
[SourceVersion "1"]
[SourceVersionDate "2010.11.26"]
[SourceQuality "1"]

1. e4 c5 2. b4 cxb4 3. d4 d5 4. e5 Nc6 5. a3 e6 6. Nf3 Bd7 7. Bd3 Qb6 8. Be3 Nge7 9. h4 bxa3 10. c3 a6 11. Nxa3 Rc8 12. c4 Nb4 13. Be2 Nf5 14. 0-0 dxc4 15. Nxc4 Qd8 16. Bg5 Be7 17. g4 Rxc4 18. gxf5 Rc7 19. Rc1 Bc6 20. Qd2 Nd5 21. Kh2 h6 22. Bxe7 Qxe7 23. Rg1 g5 24. f6 Qa3 25. Ra1 Qc3 26. Rgc1 Qxd2 27. Nxd2 Nf4 28. Bb5 0-0 29. Bxc6 Rfc8 30. Rg1 Rxc6 31. hxg5 hxg5 32. Rxg5+ Ng6 33. Ne4 Rc1 34. Ra3 R8c4 35. Rd3 Re1 36. Nd6 Rcc1 37. Rdg3 Rh1+ 38. Kg2 Rhg1+ 39. Kf3 Rxg3+ 40. Kxg3 Rg1+ 41. Kf3 Rxg5 42. Ke3 Nxe5 43. f4 Ng4+ 44. Kf3 Rd5 45. Nc8 Nxf6 0-1

[Event "Aragon-chT"]
[Site "Aragon"]
[Date "2008.04.05"]
[Round "8"]
[White "Garcia Monterde, Francisco Jose"]
[Black "Sanz Lopez, Ruben"]
[Result "1-0"]
[WhiteElo "1931"]
[BlackElo "1921"]
[PlyCount "79"]
[EventDate "2008.02.02"]
[EventType "team-swiss"]
[EventRounds "12"]
[EventCountry "ESP"]
[SourceTitle "EXT 2011"]
[Source "ChessBase"]
[SourceDate "2010.11.26"]
[SourceVersion "1"]
[SourceVersionDate "2010.11.26"]
[SourceQuality "1"]

1. c4 e6 2. g3 d5 3. Bg2 c6 4. Nf3 f5 5. b3 Nf6 6. Bb2 Be7 7. 0-0 0-0 8. Qc2 Qe8 9. d3 Qh5 10. Nbd2 Nbd7 11. e4 a5 12. Rfe1 Bb4 13. e5 Ng4 14. h3 Nh6 15. a3 Be7 16. Nd4 Qf7 17. cxd5 cxd5 18. f4 Nc5 19. b4 axb4 20. axb4 Rxa1 21. Rxa1 Na6 22. b5 Nc5 23. Ba3 Nd7 24. Qc7 Bxa3 25. Rxa3 Qe7 26. Rc3 Qb4 27. Nxe6 Re8 28. Bxd5 Kh8 29. Nf3 Qxb5 30. Qxc8 Rxc8 31. Rxc8+ Ng8 32. Rxg8+ Kxg8 33. Nc7+ Qxd5 34. Nxd5 Kf7 35. Nc7 Nc5 36. Ng5+ Ke7 37. d4 Nb3 38. d5 Nd4 39. Kf2 h6 40. Nge6 1-0

[Event "Aragon-chT"]
[Site "Aragon"]
[Date "2008.03.01"]
[Round "5"]
[White "Mombiela de Sus, Jose Luis"]
[Black "Sanz Lopez, Ruben"]
[Result "1-0"]
[WhiteElo "2068"]
[BlackElo "1921"]
[PlyCount "71"]
[EventDate "2008.02.02"]
[EventType "team-swiss"]
[EventRounds "12"]
[EventCountry "ESP"]
[SourceTitle "EXT 2011"]
[Source "ChessBase"]
[SourceDate "2010.11.26"]
[SourceVersion "1"]
[SourceVersionDate "2010.11.26"]
[SourceQuality "1"]

1. f4 c5 2. Nf3 Nc6 3. e3 g6 4. d4 cxd4 5. exd4 d5 6. Bd3 Bg4 7. c3 Bxf3 8. Qxf3 e6 9. 0-0 Bg7 10. Nd2 Nge7 11. Qf2 0-0 12. Nf3 a6 13. Bd2 b5 14. a3 Qb6 15. Ne5 Ra7 16. Rae1 a5 17. b4 axb4 18. axb4 Rfa8 19. Bc1 Nc8 20. Kh1 Nd6 21. g4 Ne7 22. f5 exf5 23. Qh4 f6 24. Nf3 fxg4 25. Qxg4 f5 26. Qh4 Ne4 27. Ng5 h6 28. Nf3 g5 29. Qh5 Rc8 30. Ne5 Bxe5 31. dxe5 Ra2 32. Be3 Qe6 33. Rg1 Rxc3 34. Bxe4 dxe4 35. Bxg5 Kh7 36. Bf6 1-0

[Event "Aragon-chT"]
[Site "Aragon"]
[Date "2008.02.16"]
[Round "3"]
[White "Sanz Lopez, Ruben"]
[Black "Hernandez Delgado, Gabriel"]
[Result "1/2-1/2"]
[WhiteElo "1921"]
[BlackElo "2041"]
[PlyCount "84"]
[EventDate "2008.02.02"]
[EventType "team-swiss"]
[EventRounds "12"]
[EventCountry "ESP"]
[SourceTitle "EXT 2011"]
[Source "ChessBase"]
[SourceDate "2010.11.26"]
[SourceVersion "1"]
[SourceVersionDate "2010.11.26"]
[SourceQuality "1"]

1. d4 d6 2. Nf3 Nf6 3. c4 Nbd7 4. Nc3 e5 5. Bg5 Be7 6. e3 0-0 7. Be2 c6 8. 0-0 Re8 9. Qc2 Qc7 10. Rac1 Nf8 11. Rfd1 Ng6 12. Nh4 Nxh4 13. Bxh4 Bg4 14. Bxg4 Nxg4 15. Bg3 g6 16. h3 Nh6 17. dxe5 dxe5 18. a3 f5 19. b4 Rad8 20. Qb3 Bf6 21. Bh2 Qf7 22. b5 Qe7 23. Kh1 Nf7 24. a4 Kg7 25. e4 Rd4 26. f3 Bg5 27. Rb1 Red8 28. Bg1 c5 29. Nd5 Qd6 30. b6 a6 31. a5 fxe4 32. Bxd4 exd4 33. fxe4 Ne5 34. Rf1 d3 35. Qc3 Kh6 36. Rf2 d2 37. Rxd2 Bxd2 38. Qxd2+ Kg7 39. Qe2 Rf8 40. Rf1 Rxf1+ 41. Qxf1 Nc6 42. Kg1 Qe5 1/2-1/2

[Event "Zaragoza op"]
[Site "Zaragoza"]
[Date "2005.10.21"]
[Round "2"]
[White "Cerrajeria Ruiz, Jesus Maria"]
[Black "Sanz Lopez, Ruben"]
[Result "0-1"]
[WhiteElo "2159"]
[BlackElo "1941"]
[PlyCount "61"]
[EventDate "2005.10.07"]
[EventType "swiss"]
[EventRounds "9"]
[EventCountry "ESP"]
[SourceTitle "EXT 2007"]
[Source "ChessBase"]
[SourceDate "2006.11.23"]
[SourceVersion "1"]
[SourceVersionDate "2006.11.23"]
[SourceQuality "1"]

1. Nf3 c5 2. g3 Nc6 3. Bg2 g6 4. 0-0 Bg7 5. e4 e5 6. c3 Nge7 7. d4 cxd4 8. cxd4 exd4 9. Re1 0-0 10. Bg5 d6 11. Qd2 Re8 12. Na3 a6 13. Bh6 Bh8 14. Rad1 Be6 15. b3 Bg4 16. Qf4 Bxf3 17. Bxf3 Ne5 18. Bg2 Rc8 19. Qh4 Qa5 20. Nc4 Nxc4 21. bxc4 Nf5 22. Qg5 Rc5 23. Bf1 Ne3 24. e5 Rcxe5 25. Rxe3 dxe3 26. Qf4 e2 27. Bxe2 Rxe2 28. Rxd6 Re1+ 29. Kg2 Qe5 30. Qd2 Qe4+ 31. Kh3 0-1

[Event "San Jose op"]
[Site "San Jose"]
[Date "1998.??.??"]
[Round "4"]
[White "Andres Terrado, Miguel Angel"]
[Black "Sanz Lopez, Ruben"]
[Result "1-0"]
[WhiteElo "2065"]
[BlackElo "1910"]
[PlyCount "85"]
[EventDate "1998.??.??"]
[EventType "swiss"]
[EventRounds "9"]
[EventCountry "ESP"]
[SourceTitle "EXT 2000"]
[Source "ChessBase"]
[SourceDate "1999.11.16"]
[SourceVersion "1"]
[SourceVersionDate "1999.11.16"]
[SourceQuality "1"]

1. e4 c6 2. d4 d5 3. exd5 cxd5 4. Bd3 Nf6 5. f3 g6 6. c3 Bg7 7. Ne2 0-0 8. Ng3 Qc7 9. 0-0 Nc6 10. Be3 Re8 11. Qc1 a6 12. Re1 b5 13. Bf4 Qb6 14. Kh1 Bb7 15. Nd2 Nd7 16. Nb3 e5 17. Bh6 exd4 18. Bxg7 Rxe1+ 19. Qxe1 Kxg7 20. cxd4 Nxd4 21. Qc3 Ne5 22. Nxd4 Rc8 23. Ndf5+ Kf6 24. Qd2 Nxd3 25. Qxd3 gxf5 26. Qxf5+ Kg7 27. Nh5+ Kf8 28. Qxh7 Qe3 29. Qg7+ Ke8 30. Nf6+ Ke7 31. Ng8+ Ke8 32. h4 Rc1+ 33. Rxc1 Qxc1+ 34. Kh2 Qf4+ 35. Qg3 Qxg3+ 36. Kxg3 a5 37. Kf4 Kf8 38. Nh6 Kg7 39. Nf5+ Kf6 40. g4 a4 41. a3 Bc8 42. Nd4 Bd7 43. h5 1-0

[Event "San Jose op"]
[Site "San Jose"]
[Date "1998.??.??"]
[Round "1"]
[White "Sanz Lopez, Ruben"]
[Black "Ramiro Ovejero, Juan Luis"]
[Result "1/2-1/2"]
[WhiteElo "1910"]
[BlackElo "2265"]
[PlyCount "131"]
[EventDate "1998.??.??"]
[EventType "swiss"]
[EventRounds "9"]
[EventCountry "ESP"]
[SourceTitle "EXT 2000"]
[Source "ChessBase"]
[SourceDate "1999.11.16"]
[SourceVersion "1"]
[SourceVersionDate "1999.11.16"]
[SourceQuality "1"]

1. d4 Nf6 2. c4 e5 3. dxe5 Ne4 4. Nf3 Bb4+ 5. Bd2 Nxd2 6. Nbxd2 Nc6 7. a3 Bxd2+ 8. Qxd2 0-0 9. e3 Qe7 10. Qd5 Re8 11. Bd3 Nxe5 12. Qxe5 Qxe5 13. Nxe5 Rxe5 14. 0-0 d6 15. Rfd1 Be6 16. e4 g5 17. h3 Re8 18. f3 Kg7 19. b4 Bd7 20. Kf2 Ra8 21. g4 h5 22. Be2 Kf6 23. Ke3 Ree8 24. c5 Ba4 25. Rd5 Re5 26. Rxe5 Kxe5 27. cxd6 Kxd6 28. Bd1 Bd7 29. Bb3 Ke7 30. Rc1 c6 31. Rc5 f6 32. e5 f5 33. e6 Bxe6 34. Bxe6 Kxe6 35. Rxf5 Rg8 36. Ke4 hxg4 37. hxg4 Rg7 38. Re5+ Kd6 39. Ra5 b6 40. Rf5 Rg6 41. Kd4 a6 42. a4 Kd7 43. a5 bxa5 44. bxa5 Kd6 45. Kc4 Rg7 46. Rf6+ Ke5 47. Rxc6 Rf7 48. Rxa6 Rxf3 49. Rg6 Rf4+ 50. Kb5 Rxg4 51. a6 Rg1 52. a7 Rb1+ 53. Kc6 Ra1 54. Kb7 Rxa7+ 55. Kxa7 Kf5 56. Rg8 Kf4 57. Kb6 g4 58. Kc5 g3 59. Kd4 Kf3 60. Rf8+ Ke2 61. Rg8 Kf2 62. Rf8+ Ke2 63. Re8+ Kf2 64. Kd3 g2 65. Re2+ Kf1 66. Rxg2 1/2-1/2